| 000 | 01860cam a22003975a 4500 | ||
|---|---|---|---|
| 999 |
_c19234 _d19206 |
||
| 001 | 016933679 | ||
| 003 | OSt | ||
| 005 | 20201128021234.0 | ||
| 008 | 141022t2015 enka f bd 001 0 eng d | ||
| 020 | _a9781292076898 (paperback) | ||
| 020 | _a1292076895 (paperback) | ||
| 040 |
_aUk _beng _erda _cUk _dWlAbNL _dEG-ScBUE |
||
| 082 | 0 | 4 |
_a808.02 _bLES _222 |
| 100 | 1 |
_aLester, James D, _cSr, _d1935-2006, _eauthor. _937764 |
|
| 245 | 1 | 0 |
_aWriting research papers : _ba complete guide / _cJames D. Lester, James D. Lester, Jr, Austin Peay State University. |
| 250 | _aFifteenth edition. | ||
| 250 | _aGlobal edition. | ||
| 264 | 1 |
_aHarlow, England : _bPearson Education Limited, _c[2015] |
|
| 264 | 4 | _cc 2015 | |
| 300 |
_a416 pages : _bcolor illustrations ; _c23 cm. |
||
| 336 |
_2rdacontent _atext _btxt |
||
| 337 |
_2rdamedia _aunmediated _bn |
||
| 338 |
_2rdacarrier _avolume _bnc |
||
| 490 | 0 | _aAlways learning | |
| 500 | _aIncludes appendix. | ||
| 500 | _aIncludes glossary. | ||
| 504 | _aIncludes bibliographical references and index. | ||
| 520 | _a"The definitive research paper guide for your courses, Writing Research Papers combines a traditional and practical approach to the research process with the latest information on electronic research and presentation. This market-leading text provides you with step-by-step guidance through the research writing process, from selecting and narrowing a topic to formatting the finished document. It includes an extremely thorough and accurate coverage of citation styles for a wide variety of disciplines." | ||
| 590 | _arana gobara | ||
| 650 | 7 |
_aResearch. _2BUEsh _937911 |
|
| 650 | 7 |
_aReport writing. _2BUEsh _91126 |
|
| 653 |
_bNNUR _bCOMAME _cMay2015 _cJuly2019 |
||
| 655 |
_vReading book _934232 |
||
| 700 | 1 |
_aLester, James D, _cJr, _d1959- _eauthor. _937765 |
|
| 942 |
_2ddc _k808.02 LES _cBB |
||